000
00276nam a2200121Ia 4500
008
190216s9999||||xx |||||||||||||| ||und||
100
_a
Vasudevan Nair M T
245
0
_a
Nalu Kettu
260
_b
Poorna Pubs Kozhikode
_c
1980
300
_a
280p
650
_a
Novel
942
_c
BK
999
_c
23962
_d
23962